| 000 | 00555nam a2200193Ia 4500 | ||
|---|---|---|---|
| 003 | GCL | ||
| 008 | 140319s9999 xx 000 0 eng d | ||
| 040 |
_aGCL / _cGCL |
||
| 082 | 0 | 4 |
_a001.5 _bC D |
| 100 | 1 | _aCOLLIN, S.M.H | |
| 245 | 1 | 0 |
_aDICTIONARIES OF INFORMATION TECHNOLOGY / _cCOLLIN, S.M.H |
| 700 | 1 | _aCOLLIN, PETER HODGSON | |
| 260 |
_a[S.N] : _bPETER COLLIN PUBLISHING ، _c1987 |
||
| 300 | _a232 | ||
| 650 | 0 | 4 | _aDICTIONARIES |
| 650 | 0 | 4 | _aINFORMATION STORAGE AND RETRIEVAL |
| 650 | 0 | 4 | _aINFORMATION TECHNOLOGY - DICTIONARY |
| 942 |
_2ddc _cBK |
||
| 999 |
_c25500 _d25500 |
||